00751 2200289 4500001002100000005001700021008004100038020001800079035002400097082001200121090001900133100002000152245006200172250001100234260003200245300002900277500003000306500001100336650002200347850001500369980001300384985000600397986001300403999001500416999001500431999001500446YOGYA-0209000001690720090227022710.0 ind  a979-519-047-4 0010-020900000016907 a610.696 a610.696bKus P aKUSWAJI, Sujoko aPenjaminan mutu praktek dokter keluargacSudjoko Kuswadji aCet. 1 aJakartabWidya Medikac1996 axi, 104 hlmbilusc21 cm aBibliografi : hlm. 99-100 aIndeks aDokter dan pasien aYOPDYOG(B) a05-12-05 a3 afwhrtrev a01P0000688 a01P0000689 a01P0000690